000 00733nam a2200229 a 4500
005 20140311163032.0
008 100224s19uu xx 00 eng d
020 _a13:978-1-890627-47-8
050 _aLC 4717
_b.C64 2007
100 _aCohen, Marlene J.
245 _aVisual supports for people with autism :
_ba guide for parents and professionals /
_cMarlene J. Cohen, Donna L. Sloan.
260 _aU.S.A :
_bWoodbine House,
_c2007.
300 _a168 p. :
_bill. ;
_c29 cm.
440 _aTopics in Autism
521 _aEDU
650 _aAutistic children
_xEducation.
650 _aLearning disabled
_xEducation. 3. Visual Aids.
700 _aSloan, Donna L.
942 _cBK
_2lcc
_kFOR
999 _c39636
_d39636